000 00772nam a22001337a 4500
040 _cRUA
082 _aRUB PHO 2017 B643 Or.1
100 _aPHORN SOPHEAP ផន​ សុភាព
245 _atapping quality control at mady group company chamca kaosu chamca andong,kampong cham province ការត្រួតពិនិត្យបច្ចេកទេសគុណភាពចៀរជ័រនៅក្រុមហ៊ុន អាន ម៉ាឌី គ្រុប (ចម្ការកៅស៊ូចម្ការអណ្ដូង) ខេត្ដកំពង់ចាម
260 _aphnom penh
_brua
_c2017
300 _axii;47p;
_bill;
_c29cm;
856 _uhttps://drive.google.com/file/d/1opAR8MMjNSThsI2OjTOMnE4wu-WldMYQ/view?usp=sharing
942 _cRUB
999 _c18115
_d18115